000 01203naa a22003137a 4500
001 BR9400836
003 BR-BrBNA
005 20250721155430.0
007 ta
008 250630b bl.|||m| |||| 00| 0 por d
040 _aBR-BrBNA
_bpor
_cBiblioteca Nacional de Agricultura
041 _a(Pt)
072 _aH60
_b0240
_b3876
090 _aH60 BR9400836
100 1 _aRocchi, C.E. de
100 1 _aGandolfi, V.H.
100 1 _aCunha, G.R. da
100 1 _aChielle, Z.
111 1 _a13. Reuniao Tecnica Anual do Sorgo
_cPelotas, RS (Brazil)
_d24-27 Jul 1984
245 1 _aAvaliacao dos herbicidas acetocloro, alacloro, metalacloro e metazacloro no controle de invasoras do sorgo sacarino (Sorghum bicolor (L.)Moench)
500 _aAnais da 13. Reuniao Anual do Sorgo Pelotas, RS (Brasil): 1986. p. 95-105 (BR9400836-AMS)
773 0 _tAnais da 13. Reuniao Anual do Sorgo
_wH60 BR9400836
_gPelotas, RS (Brasil), 1986. p. 95-105
650 _aSorgo Acucareiro
650 _aErva Daninha
650 _aHerbicida
490 _aDocumentos - Centro de Pesquisa Agropecuaria de Terras Baixas de Clima Temperado (Brazil)
_vno. 18
942 _cAMS
_2AGRIS
909 _a202506
_bLúcia
_c55
_dLúcia Elande
999 _c336460
_d336460